|
|
|
|
| LEADER |
00000nam a2200000Ia 4500 |
| 008 |
170206b2009 cr ||||| |||| 00| | spa d |
| 999 |
|
|
|c 568
|d 568
|
| 020 |
|
|
|a 9789968411646
|
| 090 |
|
|
|a 05.05.03
|b 1595
|
| 100 |
1 |
|
|9 781
|a Ospina Garcés, Helena
|e Editor/a
|
| 245 |
1 |
0 |
|a Proyección social y responsabilidad del autor. Actas del III Encuentro Mesoamericano "Escritura-Cultura". I Coloquio "Escritoras y Escritores Latinoamericanos" /
|c Helena Ospina, editora
|
| 260 |
|
|
|a San José, Costa Rica :
|b PROMESA,
|c 2009
|
| 300 |
|
|
|a 510 páginas
|
| 490 |
|
|
|a Encuentros Mesoamericanos,
|v 2
|
| 650 |
1 |
4 |
|a LITERATURA
|9 655
|
| 650 |
1 |
4 |
|a CONFERENCIA
|9 506
|
| 650 |
1 |
4 |
|a ESCRITURA
|
| 651 |
|
4 |
|9 273
|a AMÉRICA LATINA
|
| 711 |
|
|
|a Encuentro Mesoamericano Escritura-Cultura
|n (3 :
|d 2011:
|c San José, Costa Rica)
|9 2394
|
| 942 |
|
|
|i 002813
|h 05.05.03 1595
|2 z
|c 01
|